[Event "PRO League Stage"]
[Site "Chess.com INT"]
[Date "2018.03.07"]
[Round "9"]
[White "Jones, Gawain C B"]
[Black "Bacrot, Etienne"]
[Result "1-0"]
[WhiteElo "2640"]
[BlackElo "2722"]
[PlyCount "51"]
[EventDate "2018.01.18"]
[EventType "team-swiss (rapid)"]
[EventRounds "9"]
[EventCountry "USA"]
[SourceTitle "EXT 2019"]
[Source "ChessBase"]
[SourceDate "2018.10.10"]
[SourceVersion "1"]
[SourceVersionDate "2018.10.10"]
[SourceQuality "1"]
[WhiteTeam "London Towers"]
[BlackTeam "Marseille Migraines"]
[WhiteTeamCountry "ENG"]
[BlackTeamCountry "FRA"]

1. Nf3 {Vidit,Santosh Gujrathi} d5 2. b3 c5 3. e4 dxe4 4. Ng5 ({RR} 4. Ne5 Nd7 5. Nc4 Ngf6 6. Bb2 b6 7. d3 Bb7 8. dxe4 Bxe4 9. Qe2 e6 10. Nc3 Bc6 11. O-O-O Qc7 12. f3 Be7 13. Kb1 O-O 14. h4 Rfe8 15. h5 h6 16. g4 b5 17. Ne3 a6 18. Rg1 Ne5 {Kiewra,K (2287)-Vasquez Schroeder,R (2475) chess.com INT 2024 0-1 (41)}) 4... e6 ({RR} 4... Nf6 5. Nc3 ({RR} 5. Bc4 e6 6. Nc3) 5... Nc6 ({RR} 5... Bf5 6. Bb5+ Nc6 7. Qe2 Qd4 8. f3 exf3 9. Bxc6+ bxc6 10. Nxf3) 6. Bc4 e6 7. Bb2 Be7 8. O-O O-O 9. Ncxe4 Nxe4 ({RR} 9... h6 10. Nxf6+ Bxf6 11. Bxf6 Qxf6 12. Ne4 Qe7) 10. Nxe4 e5 ({RR} 10... b6 11. Qg4 Nd4) 11. f4 exf4 12. Qh5 ({RR} 12. Rxf4 Be6 13. Bxe6 fxe6 14. Qg4) 12... Nd4 ({RR} 12... Be6 13. Rxf4 Bxc4 14. bxc4 Nd4) 13. Rxf4 g6 ({RR} 13... Be6 14. Nxc5 Bxc4 15. Rxd4 Be2 16. Rxd8 Bxh5 17. Rd5 Bg6 18. Re1 Bxc5+ 19. Rxc5) 14. Qe5 b6 15. Raf1 Bf5 16. g4 ({RR} 16. Rxf5 gxf5 17. Rxf5) 16... Be6 17. Bxe6 fxe6 18. Rxf8+ Bxf8 19. Nf6+ {Carlsen,M (2872)-Anand,V (2773) Zuerich 2014 CBM 158 Extra [Vidit,Santosh Gujrathi] 1-0}) 5. Nxe4 Nh6 $146 ({RR} 5... f5 6. Ng3 Nf6 7. Bb2 Be7 8. Bc4 Nc6 9. O-O g6 10. Re1 Kf7 11. Qe2 Qd6 12. b4 cxb4 13. a3 b5 14. Bb3 Rb8 15. axb4 Rd8 16. d3 Nd5 17. Nd2 Bf6 18. Bxf6 Nxf6 19. Nf3 Kg7 20. c3 {Dvirnyy,D (2485)-Solomon,K (2355) Bassano del Grappa 2021 ½-½ (79)}) ({RR} 5... f5 6. Ng3 Nf6 7. Bb2 Be7 8. Bc4 Nc6 9. O-O g6 10. Re1 Kf7 11. Qe2 Qd6 12. b4 cxb4 13. a3 b5 14. Bb3 Rb8 15. axb4 Rd8 16. d3 Nd5 17. Nd2 Bf6 18. Bxf6 Nxf6 19. Nf3 Kg7 20. c3 {Dvirnyy,D (2485)-Solomon,K (2355) Bassano del Grappa 2021 ½-½ (79)}) 6. Bb2 Nc6 7. Bb5 Bd7 8. Qh5 Nf5 9. Na3 a6 10. Bxc6 Bxc6 11. d3 Qa5+ 12. Kf1 c4 13. g4 Bxe4 14. dxe4 c3 15. Bc1 Bxa3 16. gxf5 Bb2 17. Bxb2 cxb2 18. Rd1 Rd8 19. Rxd8+ Qxd8 20. Kg2 g6 21. fxg6 Rg8 22. Rd1 Rxg6+ 23. Kf1 Qf6 24. Qc5 Rg1+ 25. Kxg1 Qg5+ 26. Qxg5 1-0

[Event "Gibraltar Masters 16th"]
[Site "Caleta"]
[Date "2018.01.26"]
[Round "4"]
[White "Saric, Ivan"]
[Black "Swapnil, S Dhopade"]
[Result "1-0"]
[WhiteElo "2664"]
[BlackElo "2533"]
[PlyCount "77"]
[EventDate "2018.01.23"]
[EventType "swiss"]
[EventRounds "10"]
[EventCountry "GGB"]
[SourceTitle "CBM 183"]
[Source "ChessBase"]
[SourceDate "2018.03.14"]
[SourceVersion "1"]
[SourceVersionDate "2018.03.14"]
[SourceQuality "1"]

1. e4 c5 2. Nf3 d6 3. g3 Nc6 4. Bg2 Nf6 5. d3 g6 6. O-O Bg7 7. Re1 O-O 8. c3 Bg4 9. h3 Bxf3 10. Qxf3 Rb8 11. Be3 ({RR} 11. Qd1 Nd7 12. Be3 b5 13. d4 b4 14. e5 bxc3 15. bxc3 Qc7 16. exd6 exd6 17. Na3 Rfc8 18. Rc1 Na5 19. Qa4 a6 20. Rb1 Nc6 21. Rxb8 Ncxb8 22. Rb1 Qd8 23. Nc4 cxd4 24. cxd4 Nf8 25. Nb6 Rc7 {Ljubojevic,L (2600)-Kramnik,V (2710) Monte Carlo 1994 1-0 (39)}) ({RR} 11. a4 a6 12. Qd1 b5 13. axb5 axb5 14. Be3 b4 15. d4 bxc3 16. bxc3 cxd4 17. cxd4 Rc8 18. Na3 Nd7 19. Rc1 Nb4 20. Qb3 Qa5 21. Nc4 Qb5 22. Bf1 Qb8 23. Rb1 Nc6 24. Qa4 Qc7 25. d5 Nce5 {Ilamparthi,A (2414)-Balaji,G (2278) chess.com INT 2024 1-0 (58)}) 11... Nd7 12. a4 a6 13. Qd1 Qc7 $146 ({RR} 13... Qa5 14. Nd2 Qc7 15. Rc1 Qd8 16. f4 Rc8 17. Nf3 Qa5 18. Kh2 Nb6 19. Ra1 Rfd8 20. Nd2 Nd7 21. Nc4 Qc7 22. a5 Rb8 23. Qc2 e6 24. Ra4 Nf6 25. b4 Nd7 26. Qf2 Bxc3 27. bxc5 Nxc5 28. Ra3 {Panchanathan,M (2419)-Rohit,G (2397) Negombo 2003 1-0 (47)}) ({RR} 13... b5 14. axb5 axb5 15. d4 Qc7 16. f4 b4 17. e5 cxd4 18. cxd4 dxe5 19. dxe5 Rfd8 20. Qc2 Rbc8 21. Nd2 Nb6 22. Rec1 Nd5 23. Bxd5 Rxd5 24. Ra6 Nb8 25. Qxc7 Rxc7 26. Rxc7 Nxa6 27. Rc6 Ra5 28. Rc8+ {Vesselovsky,S (2435)-Vybiral,Z (2220) Pardubice 1994 1-0 (32)}) 14. Nd2 b5 15. axb5 axb5 16. Rc1 b4 17. d4 bxc3 18. bxc3 Rfc8 19. Bf1 Na5 20. Qa4 Ra8 21. Ra1 Qd8 22. Qb5 Rcb8 23. Qd3 cxd4 24. cxd4 Nc6 25. Rxa8 Rxa8 26. Rc1 Rc8 27. Qa6 Rc7 28. d5 Nd4 29. Rxc7 Qxc7 30. Qa4 e5 31. Bxd4 exd4 32. Qc6 Qa7 33. Qxd6 d3 34. Kg2 Bc3 35. Nf3 d2 36. Be2 Qa4 37. Qc7 Qxe4 38. Qxd7 Qxe2 39. Qc8+ 1-0

[Event "Fajr op 26th"]
[Site "Amol"]
[Date "2018.02.07"]
[Round "6"]
[White "Maghsoodloo, Parham"]
[Black "Ponkratov, Pavel"]
[Result "1-0"]
[WhiteElo "2594"]
[BlackElo "2605"]
[PlyCount "79"]
[EventDate "2018.02.03"]
[EventType "swiss"]
[EventRounds "9"]
[EventCountry "IRI"]
[SourceTitle "CBM 182 Extra"]
[Source "ChessBase"]
[SourceDate "2018.02.23"]
[SourceVersion "1"]
[SourceVersionDate "2018.02.23"]
[SourceQuality "1"]

1. Nf3 c5 2. g3 Nc6 3. Bg2 g6 4. d4 cxd4 5. Nxd4 Bg7 6. Nxc6 dxc6 7. Qxd8+ Kxd8 8. a4 ({RR} 8. Nc3 Kc7 9. Bd2 h5 10. O-O-O h4 11. Ne4 Bg4 12. Nc5 Rh5 13. Bf4+ Be5 14. Nd3 Bxf4+ 15. Nxf4 Ra5 16. h3 Bd7 17. a3 hxg3 18. fxg3 Nf6 19. g4 Re5 20. Bf3 Rh8 21. Nd3 Re3 22. Kd2 Re6 {Dreev,A (2670)-Xiong,J (2672) Chess.com INT 2019 ½-½ (50)}) 8... Kc7 9. a5 Bh6 $146 ({RR} 9... Bf5 10. a6 b6 11. c3 Rd8 12. Na3 Be6 13. Bf4+ Kc8 14. Bxc6 Bd5 15. Nb5 {1-0 (15) Yeletsky,I (2504)-Orozbaev,E (2300) chess.com INT 2024}) ({RR} 9... Bf5 10. a6 b6 11. c3 Rd8 12. Na3 Be6 13. Bf4+ Kc8 14. Bxc6 Bd5 15. Nb5 {1-0 (15) Yeletsky,I (2504)-Orozbaev,E (2300) chess.com INT 2024}) 10. Nd2 e5 11. b3 Nf6 12. Bb2 Re8 13. Nc4 Nd7 14. h4 Bf8 15. h5 g5 16. Bh3 f6 17. Bf5 h6 18. Ne3 Nc5 19. Bxc8 Raxc8 20. Nf5 Ne6 21. e3 Rcd8 22. Ba3 Bxa3 23. Rxa3 Rh8 24. Ke2 Rh7 25. g4 Ng7 26. Ng3 Ne8 27. c4 Rf7 28. Raa1 Ng7 29. Rad1 f5 30. Rxd8 Kxd8 31. Rd1+ Kc7 32. c5 f4 33. Ne4 Ne6 34. b4 Re7 35. Rd6 b6 36. b5 cxb5 37. cxb6+ axb6 38. Rxb6 Nd8 39. Nc3 Kc8 40. Nxb5 1-0

[Event "Moscow Aeroflot op-A 17th"]
[Site "Moscow"]
[Date "2018.02.22"]
[Round "3"]
[White "Maghsoodloo, Parham"]
[Black "Sjugirov, Sanan"]
[Result "1-0"]
[WhiteElo "2594"]
[BlackElo "2652"]
[PlyCount "81"]
[EventDate "2018.02.20"]
[EventType "swiss"]
[EventRounds "9"]
[EventCountry "RUS"]
[SourceTitle "CBM 183 Extra"]
[Source "ChessBase"]
[SourceDate "2018.04.19"]
[SourceVersion "1"]
[SourceVersionDate "2018.04.19"]
[SourceQuality "1"]

1. Nf3 {Sagar,Shah} d5 2. g3 Bg4 3. Bg2 Nd7 4. O-O c6 5. d3 Ngf6 6. Qe1 e5 7. e4 Bd6 ({RR} 7... dxe4 8. dxe4 Bd6 9. Nbd2 O-O 10. h3 Bh5 11. Nc4 Bc7 12. a4 Re8 ({RR} 12... b5 13. axb5 cxb5 14. Ne3 Nxe4 15. Nh4) 13. Nh4 Nc5 14. Nf5 Ne6 15. Be3) 8. h3 Bh5 ({RR} 8... Bxf3 9. Bxf3 dxe4 10. dxe4 O-O) 9. Nh4 O-O 10. g4 Bg6 11. g5 ({RR} 11. Nf5 Bxf5 12. exf5 ({RR} 12. gxf5 Re8) 12... h6 13. Qd1 Re8 14. Re1 ({RR} 14. h4 Nh7) 14... Qb6) 11... Nh5 12. exd5 cxd5 13. Nxg6 hxg6 14. Bxd5 Nf4 15. Bxf4 exf4 16. h4 Qc8 17. Qe4 ({RR} 17. Nc3 Ne5 18. Qe4 Qg4+ 19. Qg2 Qxh4) 17... Qxc2 ({RR} 17... Re8 18. Bxb7 ({RR} 18. Qxg6 Ne5 19. Qe4 Ng6 20. Qxg6 Qg4+ 21. Kh1 Qh3+ 22. Kg1 Qg4+) 18... Qc7 ({RR} 18... Rxe4 19. Bxc8) ({RR} 18... Qxc2 19. Qc6 Qxc6 ({RR} 19... Qxb2 20. Bxa8 Qxa1 21. Qxd6) 20. Bxc6) 19. Qc6 Rac8 20. Qxc7 Rxc7 21. Bd5 Rxc2 22. Na3 Bxa3 23. bxa3 Rc5) 18. Na3 $146 ({RR} 18. Nc3 Qxb2 ({RR} 18... Rae8 19. Qxg6) 19. Qxg6 Bc5 ({RR} 19... Qxc3 20. Qxd6 Ne5 ({RR} 20... Rad8 21. Rac1 Qe5 ({RR} 21... Qxd3 22. Bxf7+) ({RR} 21... Qa5 22. Be4 ({RR} 22. Bxb7 Qf5) 22... Nf6 23. Qc7 Qxc7 24. Rxc7 Nxe4 25. dxe4) 22. Qxe5 Nxe5 23. Bxb7 Rxd3) 21. Rac1 Qd4 ({RR} 21... Qb2 22. Rfe1 Nxd3 23. Bxf7+ Rxf7 24. Qxd3) 22. Rc4 ({RR} 22. Bxf7+ Rxf7 23. Qxd4 Nf3+) 22... Qb2 ({RR} 22... Nxc4 23. Bxf7+) 23. Re4 ({RR} 23. Rxf4 Rad8) 23... Nf3+ 24. Kg2 Nxh4+ 25. Kh3 Nf3 26. g6 Ng5+ 27. Kh4 Nxe4 28. dxe4) ({RR} 19... Be5 20. Qh5 Qxc3 21. g6 Nf6 ({RR} 21... Rfd8 22. Rac1 Qd4 23. Bxf7+) 22. gxf7+ Rxf7 23. Bxf7+ Kf8 24. Qh8+ Kxf7 25. Qxa8) 20. Ne4 Qe5 ({RR} 20... Qd4 21. Bb3 Qxd3 22. Nf6+) ({RR} 20... Rad8 21. Rab1 Qd4 22. Bb3 Be7) ({RR} 20... Ne5 21. Nf6+ Kh8 22. Qh7#) ({RR} 20... Rae8 21. Rae1) 21. Bb3 Bxf2+ ({RR} 21... f3 22. Rae1 Qf4 23. Qh5 g6 24. Qxg6+ Kh8 25. Qh5+ Kg7 26. Qh6+ Kg8 27. d4 Bxd4 28. Qg6+ Kh8 29. Qd6 Qg4+ 30. Qg3 ({RR} 30. Ng3 Qh3) 30... Qxg3+ 31. Nxg3) ({RR} 21... Be7 22. Rae1) 22. Nxf2 ({RR} 22. Kxf2 Qb2+ 23. Kg1 Qxb3 24. Qxg7+ Kxg7 25. axb3 f6 26. Ra5 fxg5 27. Rxg5+ Kh7 28. Kh1) 22... f3 23. Ne4 Qd4+ ({RR} 23... Qb2 24. Rxf3 ({RR} 24. Nf6+ Nxf6 25. gxf6 Qd4+ 26. Kh2 Qxh4+ 27. Kg1 Qd4+) 24... Qxb3 ({RR} 24... Qxa1+ 25. Rf1 Qd4+ 26. Rf2 Qa1+ 27. Kg2) 25. Qxg7+ Kxg7 26. axb3) 24. Kh1 ({RR} 24. Kh2 Qb2+ 25. Nf2 ({RR} 25. Rf2 Qxa1) 25... Qxb3 26. Qxg7+ Kxg7 27. axb3 Nc5) 24... Qb2 25. Nf6+ {1-0 (25) Kramnik,V (2760)-Sjugirov,S (2673) Doha 2014 CBM 164 [Sagar,Shah]} {RR} Nxf6 26. gxf6) ({RR} 18. Qxg6 Bc5 ({RR} 18... Qxb2 19. Qxd6 Qxa1 20. Qxd7) 19. Qh5 Qxd3 20. g6 Qg3+ 21. Kh1 Qh3+) 18... Bxa3 ({RR} 18... Qxb2 19. Nc4) 19. bxa3 Nc5 ({RR} 19... Rad8 20. Qxf4 Nc5) ({RR} 19... Rae8 20. Bxf7+ Kxf7 21. Qd5+ Ke7 22. Rac1 Qa4 23. Rc4 Qa6 24. Rb1) 20. Qxg6 Rad8 21. Qf5 Qxd3 22. Qxd3 Nxd3 23. Bxb7 Nc5 24. Bf3 Rd3 25. Kg2 Rxa3 26. Bd5 Rd8 27. Rfd1 Kf8 28. Rab1 g6 29. Rb4 Ne6 30. Rb3 Rxb3 31. Bxb3 Rxd1 32. Bxd1 Ke7 33. Kf3 f6 34. Kg4 fxg5 35. hxg5 Kf8 36. Bc2 Kg7 37. Bb3 Kf7 38. Bxe6+ Kxe6 39. Kxf4 Kd5 40. Ke3 a5 41. a4 1-0

[Event "Moscow Aeroflot op-A 17th"]
[Site "Moscow"]
[Date "2018.02.26"]
[Round "7"]
[White "Mamedov, Rauf"]
[Black "Paravyan, David"]
[Result "1-0"]
[WhiteElo "2709"]
[BlackElo "2603"]
[PlyCount "81"]
[EventDate "2018.02.20"]
[EventType "swiss"]
[EventRounds "9"]
[EventCountry "RUS"]
[SourceTitle "CBM 183 Extra"]
[Source "ChessBase"]
[SourceDate "2018.04.19"]
[SourceVersion "1"]
[SourceVersionDate "2018.04.19"]
[SourceQuality "1"]

1. Nf3 Nf6 2. g3 g6 3. b3 Bg7 4. Bb2 b6 5. e4 d6 6. Bg2 Bb7 7. d3 O-O 8. c4 $146 ({RR} 8. O-O e5 9. Nbd2 c5 10. Ng5 Nh5 11. Nh3 Nc6 12. f4 exf4 13. Bxg7 Nxg7 14. Nxf4 Ne5 15. Nc4 Nxc4 16. bxc4 Qd7 17. Qd2 Rae8 18. Rae1 Re5 19. Re2 f5 20. Ref2 Ree8 21. c3 fxe4 22. Bxe4 Bxe4 {Stefanova,A (2521)-Seyb,A (2425) Doha 2015 1-0 (36)}) ({RR} 8. O-O c5 9. Nbd2 Nbd7 10. a4 a6 11. Nc4 Qc7 12. Re1 b5 13. Ne3 e6 14. Nd2 d5 15. e5 Nxe5 16. Bxe5 Qxe5 17. Nxd5 Qb8 18. Nxf6+ Bxf6 19. Bxb7 Qxb7 20. Ne4 Be7 21. Qf3 Kg7 22. Qf4 Qd5 {Adly,A (2494)-Ibrahim,H (2280) Cairo 2007 1-0}) 8... c5 9. Nc3 Nc6 10. O-O e6 11. Re1 Nd7 12. Rb1 a6 13. a3 Nde5 14. Nxe5 Bxe5 15. b4 Qf6 16. Qd2 g5 17. bxc5 dxc5 18. Na4 Rad8 19. Bc1 h6 20. Rxb6 Ba8 21. Rxa6 Qe7 22. Bb2 Bxb2 23. Qxb2 Nd4 24. Qb6 Rc8 25. Ra7 Qd8 26. Qxd8 Rfxd8 27. Nb6 Rb8 28. Nd7 Rbc8 29. Ne5 Nc6 30. Nxc6 Bxc6 31. Rd1 Ra8 32. Rc7 Be8 33. e5 Rxa3 34. Be4 Ba4 35. Rd2 Ra1+ 36. Kg2 Rb8 37. Rxc5 Rbb1 38. h3 Rh1 39. Ra5 Rag1+ 40. Kf3 Bd1+ 41. Ke3 1-0

[Event "RUS GP rap"]
[Site "Serpukhov"]
[Date "2018.02.23"]
[Round "3"]
[White "Hasangatin, Ramil"]
[Black "Ponkratov, Pavel"]
[Result "1-0"]
[WhiteElo "2502"]
[BlackElo "2605"]
[PlyCount "95"]
[EventDate "2018.02.23"]
[EventType "swiss (rapid)"]
[EventRounds "11"]
[EventCountry "RUS"]
[SourceTitle "CBM 183 Extra"]
[Source "ChessBase"]
[SourceDate "2018.04.19"]
[SourceVersion "1"]
[SourceVersionDate "2018.04.19"]
[SourceQuality "1"]

1. e4 c5 2. Nf3 b6 3. g3 Bb7 4. d3 g6 5. Bg2 Bg7 6. O-O e6 7. e5 Nc6 8. Re1 d6 9. exd6 Qxd6 10. Na3 $146 ({RR} 10. Bf4 Qd7 11. Nbd2 Nf6 12. Nc4 O-O 13. Nfe5 Nxe5 14. Bxe5 Bd5 15. Ne3 Bxg2 16. Kxg2 Qc6+ 17. Qf3 Qxf3+ 18. Kxf3 Nd7 19. Bxg7 Kxg7 20. Nc4 Nb8 21. a4 Nc6 22. c3 Rad8 23. Re3 h5 24. Ke2 g5 {Wharton,W (2230)-Byrne,R (2460) Philadelphia 1990 ½-½ (40)}) ({RR} 10. Bf4 Qd7 11. Nbd2 Nf6 12. Nc4 O-O 13. Nfe5 Nxe5 14. Bxe5 Rad8 15. a4 Bd5 16. f4 Bxc4 17. dxc4 Qxd1 18. Raxd1 Ng4 19. Bxg7 Kxg7 20. Bf3 Rxd1 21. Bxd1 Nf6 22. Be2 Rd8 23. Bd3 a5 24. h3 h5 {Koerner,H (2118)-Majer,D (2269) Germany 2000 ½-½ (59)}) 10... Nf6 11. Nc4 Qe7 12. Nfe5 Nxe5 13. Bxb7 Rd8 14. Ba6 Nxc4 15. Bxc4 O-O 16. Bg5 Qb7 17. a4 h6 18. Bxf6 Bxf6 19. c3 a6 20. Qe2 b5 21. axb5 axb5 22. Bb3 Rd6 23. Qe3 Rc8 24. Qxh6 c4 25. dxc4 bxc4 26. Bc2 Bg7 27. Qc1 Rcd8 28. Be4 Qb5 29. Ra8 Rxa8 30. Bxa8 Ra6 31. Bf3 Ra2 32. Re2 Qa4 33. Kg2 Ra1 34. Qd2 Bf6 35. h4 Rd1 36. Qf4 Kg7 37. Rd2 Re1 38. Re2 Ra1 39. Rd2 Re1 40. h5 gxh5 41. Bxh5 Qa1 42. Rd7 Rg1+ 43. Kf3 Qb1 44. Rxf7+ Kg8 45. Qg4+ Kh8 46. Rf8+ Kh7 47. Qg8+ Kh6 48. Rxf6+ 1-0

[Event "BUL-ch 82nd"]
[Site "Kozloduy"]
[Date "2018.03.05"]
[Round "3"]
[White "Cheparinov, Ivan"]
[Black "Rusev, Krasimir"]
[Result "1-0"]
[WhiteElo "2693"]
[BlackElo "2538"]
[PlyCount "121"]
[EventDate "2018.03.03"]
[EventType "tourn"]
[EventRounds "9"]
[EventCountry "BUL"]
[EventCategory "6"]
[SourceTitle "CBM 183 Extra"]
[Source "ChessBase"]
[SourceDate "2018.04.19"]
[SourceVersion "1"]
[SourceVersionDate "2018.04.19"]
[SourceQuality "1"]

1. Nf3 d5 2. g3 c6 3. Bg2 Bg4 4. O-O Nd7 5. d3 e6 6. e4 Bd6 7. h3 Bh5 8. exd5 cxd5 9. c4 Ne7 10. Nc3 O-O 11. cxd5 Nxd5 12. Nxd5 exd5 13. Qb3 Nc5 14. Qxd5 Bg6 15. Nh4 $146 ({RR} 15. d4 Be4 16. Qg5 Nd3 17. Be3 Nxb2 18. Qb5 Qb6 19. Qxb6 axb6 20. Nd2 Bxg2 21. Kxg2 Rfc8 22. Rfc1 h6 23. Ne4 Ba3 24. d5 b5 25. Rxc8+ Rxc8 26. Rb1 f5 27. Nd2 Rc2 28. Nf3 Nc4 29. Bf4 g5 {Anton Guijarro,D (2688)-Romanchuk,V (2258) Chess.com INT 2020 0-1 (66)}) ({RR} 15. d4 Be4 16. Qg5 Nd3 17. Be3 Nxb2 18. Qb5 Qb6 19. Qxb6 axb6 20. Nd2 Bxg2 21. Kxg2 Rfc8 22. Rfc1 h6 23. Ne4 Ba3 24. d5 b5 25. Rxc8+ Rxc8 26. Rb1 f5 27. Nd2 Rc2 28. Nf3 Nc4 29. Bf4 g5 {Anton Guijarro,D (2688)-Romanchuk,V (2258) Chess.com INT 2020 0-1 (66)}) 15... Be7 16. Nxg6 hxg6 17. Rd1 Qxd5 18. Bxd5 Rad8 19. Bc4 Bf6 20. a4 Rfe8 21. Kf1 Re7 22. Be3 b6 23. a5 Bxb2 24. Rab1 Bd4 25. Bg5 Bf6 26. Bxf6 gxf6 27. axb6 axb6 28. Rxb6 Kg7 29. Rc6 Ne4 30. Kg2 Nd6 31. Ba6 Nf5 32. Rdc1 Ra8 33. Bc8 Nd4 34. R6c4 Nb5 35. Rc5 Nd4 36. R5c4 Nb5 37. Rb4 Nd6 38. Bg4 Ra3 39. Rd4 Nb5 40. Rd8 f5 41. Bf3 Nc7 42. h4 Ne6 43. Rd6 Rea7 44. Rd1 Rc3 45. Bd5 Nc5 46. Bc4 Re7 47. Rc6 Nb3 48. Bd5 Rxc6 49. Bxc6 Nd4 50. Bd5 Re5 51. Bc4 f4 52. g4 g5 53. h5 f5 54. gxf5 g4 55. h6+ Kxh6 56. f6 Re2 57. f7 Kg7 58. Rh1 Ne6 59. Rh4 f3+ 60. Kg3 Kxf7 61. Rh6 1-0

[Event "Moscow Tal Memorial blitz 11th"]
[Site "Moscow"]
[Date "2018.03.05"]
[Round "8"]
[White "Nakamura, Hikaru"]
[Black "Grischuk, Alexander"]
[Result "1-0"]
[WhiteElo "2787"]
[BlackElo "2767"]
[PlyCount "79"]
[EventDate "2018.03.05"]
[EventType "tourn (blitz)"]
[EventRounds "13"]
[EventCountry "RUS"]
[EventCategory "20"]
[SourceTitle "CBM 183"]
[Source "ChessBase"]
[SourceDate "2018.03.14"]
[SourceVersion "1"]
[SourceVersionDate "2018.03.14"]
[SourceQuality "1"]

1. Nf3 Nf6 2. b3 d5 3. Bb2 Bf5 4. g3 e6 ({RR} 4... c5 5. d3 Nc6 6. Nh4 Bd7 7. Bg2 e5 8. e4 Bg4 9. Qc1 Be7 10. Nc3 d4 11. Ne2 g6 12. h3 Be6 13. Nf3 Nd7 14. h4 h6 15. Qd1 Nf6 16. c3 Ng4 17. cxd4 cxd4 18. a3 a5 19. Rc1 {Firouzja,A (2737)-Caruana,F (2805) Stavanger NOR 2024 1-0 (46)}) 5. Nh4 ({RR} 5. d3 h6 6. Nbd2 Bc5 7. Bg2 O-O 8. O-O Nc6 9. e3 Re8 10. a3 a5 11. d4 Bf8 12. c4 a4 13. cxd5 exd5 14. b4 Nb8 15. Ne5 Nbd7 16. Rc1 c6 17. f3 Bh7 18. Re1 Bd6 19. Nxd7 Qxd7 {Nakamura,H (2750)-Niemann,H (2637) Chess.com INT 2022 ½-½ (91)}) 5... Be4 ({RR} 5... Bg4 6. h3 Bh5 7. g4 Nfd7 8. Nf5 exf5 9. gxh5 Qh4 10. Bg2 c6 11. e3 Rg8 12. Qf3 g6 13. hxg6 hxg6 14. Nc3 Nf6 15. O-O-O Nbd7 16. Kb1 O-O-O 17. d3 Bd6 18. Na4 Be5 19. Bc1 Qb4 20. Qe2 {Dimakiling,O (2422)-Tin,J (2588) Singapore SIN 2024 0-1 (78)}) 6. f3 Bg6 7. Bg2 $146 ({RR} 7. Nxg6 hxg6 8. Bg2 Be7 9. e4 O-O 10. e5 Nfd7 11. f4 c5 12. h4 Nc6 13. d3 Rc8 14. Nd2 Nd4 15. c4 Nb6 16. Bxd4 cxd4 17. O-O Qd7 18. Nf3 dxc4 19. bxc4 Na4 20. Qd2 Nc5 21. Rab1 Rfd8 {Nakamura,H (2736)-Shuvalov,E (2182) Chess.com INT 2020 1-0 (48)}) ({RR} 7. e3 c5 8. c4 Nc6 9. cxd5 Nxd5 10. Nxg6 hxg6 11. a3 Bd6 12. f4 g5 13. Bg2 gxf4 14. exf4 Bxf4 15. gxf4 Qh4+ 16. Kf1 Nxf4 17. Qf3 O-O-O 18. Qg3 Nxg2 19. Kxg2 Qe4+ 20. Qf3 Qg6+ 21. Qg3 Qc2 {Nakamura,H (2736)-Bortnyk,O (2604) Chess.com INT 2021 0-1}) 7... c5 8. Nxg6 hxg6 9. e4 Nc6 10. Qe2 Nd4 11. Bxd4 cxd4 12. Qb5+ Qd7 13. Qxd7+ Kxd7 14. e5 Ng8 15. c4 dxc3 16. Nxc3 Ne7 17. f4 Nf5 18. Ne2 Rc8 19. Kd1 Ba3 20. Rb1 a5 21. h4 Rc5 22. Bh3 Ne7 23. Nd4 Nc6 24. Nc2 Rxc2 25. Kxc2 Nb4+ 26. Kd1 Rc8 27. Bf1 Rc2 28. h5 gxh5 29. Rxh5 g6 30. Rh7 Ke7 31. Bd3 Rc7 32. Bxg6 Kf8 33. Ke2 Nxa2 34. Rbh1 Nc1+ 35. Kf3 Nxb3 36. Rh8+ Kg7 37. Bd3 Nxd2+ 38. Kg4 Ne4 39. Bxe4 dxe4 40. f5 1-0

[Event "Moscow Tal Memorial blitz 11th"]
[Site "Moscow"]
[Date "2018.03.05"]
[Round "10"]
[White "Nakamura, Hikaru"]
[Black "Kramnik, Vladimir"]
[Result "1-0"]
[WhiteElo "2787"]
[BlackElo "2800"]
[PlyCount "139"]
[EventDate "2018.03.05"]
[EventType "tourn (blitz)"]
[EventRounds "13"]
[EventCountry "RUS"]
[EventCategory "20"]
[SourceTitle "CBM 183"]
[Source "ChessBase"]
[SourceDate "2018.03.14"]
[SourceVersion "1"]
[SourceVersionDate "2018.03.14"]
[SourceQuality "1"]

1. b3 d5 2. Bb2 Nf6 3. Nf3 Bg4 4. g3 Nbd7 5. Bg2 e6 6. O-O Bd6 7. d3 O-O ({RR} 7... a5 8. a3 c6 9. Nbd2 Qc7 10. c4 h6 11. Rc1 O-O 12. cxd5 exd5 13. Nd4 Qb6 14. h3 Bh5 15. Nf5 Be5 16. Bxe5 Nxe5 17. g4 Bg6 18. Ng3 Rfe8 19. Qc2 h5 20. g5 Nh7 21. h4 Qd4 22. Qc3 {Vetoshko,V (2505)-Maycock Bates,D (2266) chess.com INT 2024 1-0 (41)}) 8. Nbd2 Qe7 9. a3 c6 $146 ({RR} 9... Rfd8 10. Qe1 e5 11. e4 dxe4 12. Nxe4 Bxf3 13. Bxf3 Nxe4 14. Qxe4 c6 15. Rfe1 Re8 16. Bg2 Rad8 17. b4 a6 18. Re2 Qf8 19. Qc4 Kh8 20. Qb3 f6 21. Rae1 Qg8 22. c4 Bb8 23. Qc2 Qf7 24. h4 {Salgado Lopez,I (2622)-Paichadze,L (2581) Kocaeli 2017 ½-½ (58)}) ({RR} 9... e5 10. e4 d4 11. h3 Bh5 12. Nc4 b5 13. Nxd6 Qxd6 14. Qd2 c5 15. a4 a6 16. Nh4 Qc7 17. f4 exf4 18. gxf4 Rac8 19. axb5 axb5 20. e5 Ne8 21. Nf5 Nb6 22. Ng3 g6 23. Nxh5 gxh5 24. Kh1 {Anton Guijarro,D (2666)-Ni,H (2671) Riadh 2017 1-0 (48)}) 10. h3 Bh5 11. e4 dxe4 12. dxe4 Be5 13. c3 Rad8 14. Qc2 Bc7 15. a4 Rfe8 16. Rfe1 e5 17. a5 h6 18. Nh4 Qe6 19. b4 Nf8 20. c4 Qd7 21. Nb3 Ne6 22. g4 Nxg4 23. hxg4 Bxg4 24. f3 Qe7 25. Qf2 Qxb4 26. Re3 Bh5 27. Ba3 Qxc4 28. Bf1 Qa4 29. Bf8 Qxa1 30. Nxa1 Bxa5 31. Ba3 Bb6 32. Qe1 Nf4 33. Bc1 Re6 34. Kh2 Red6 35. Be2 g6 36. Nc2 Nxe2 37. Qxe2 Rd1 38. Ng2 Rxc1 39. Rd3 Rxd3 40. Qxd3 Bxf3 41. Qxf3 Rxc2 42. Qf6 Bd4 43. Kh3 Rf2 44. Qd8+ Kg7 45. Nh4 b5 46. Kg3 b4 47. Nf3 Bb6 48. Qe7 b3 49. Qxe5+ Kh7 50. Qe7 Kg7 51. Qe5+ Kg8 52. Qe8+ Kg7 53. Qxc6 b2 54. Qc3+ Kh7 55. Qb3 Kg8 56. e5 Re2 57. e6 Bc7+ 58. Kh3 Rxe6 59. Qxb2 Bb6 60. Qc2 a5 61. Qc4 Kg7 62. Kg2 Kg8 63. Qc3 Re2+ 64. Kf1 Re6 65. Qc4 Kg7 66. Qc3+ Kg8 67. Ne5 a4 68. Nd7 Rd6 69. Nf6+ Kf8 70. Qb4 1-0

[Event "IRI-ch"]
[Site "Bushehr"]
[Date "2018.03.14"]
[Round "7"]
[White "Maghsoodloo, Parham"]
[Black "Ghaem Maghami, Ehsan"]
[Result "1-0"]
[WhiteElo "2601"]
[BlackElo "2530"]
[PlyCount "74"]
[EventDate "2018.03.09"]
[EventType "tourn"]
[EventRounds "11"]
[EventCountry "IRI"]
[EventCategory "10"]
[SourceTitle "CBM 183 Extra"]
[Source "ChessBase"]
[SourceDate "2018.04.19"]
[SourceVersion "1"]
[SourceVersionDate "2018.04.19"]
[SourceQuality "1"]

1. Nf3 c5 2. g3 Nc6 3. Bg2 g6 4. O-O Bg7 5. c3 e5 6. d3 Nge7 7. e4 O-O 8. a3 a5 9. a4 d6 10. Na3 h6 11. Nb5 Be6 12. Nd2 Na7 ({RR} 12... f5 13. Nc4 d5 14. Ncd6 Qd7 15. b3 b6 16. Ba3 Rad8 17. Re1 Kh8 18. Ra2 f4 19. Rd2 Bg4 20. Qc2 f3 21. Bh1 d4 22. Nc4 Nc8 23. cxd4 exd4 24. Qd1 Ne5 25. Nxb6 Nxb6 26. Bxc5 Bh5 27. Bxd4 {Shoker,S (2477)-Kurnosov,I (2657) Abu Dhabi 2013 0-1 (40)}) ({RR} 12... d5 13. exd5 Bxd5 14. Nc4 Bxc4 15. dxc4 Qxd1 16. Rxd1 Rad8 17. Be3 b6 18. Nc7 Na7 19. Kf1 Nac8 20. Ke1 Nd6 21. Bf1 Ndf5 22. Bc1 Rxd1+ 23. Kxd1 Rc8 24. Nb5 Nd6 25. Na3 Rd8 26. Ke1 Nc6 27. Bg2 {Adu,O (2077)-Aravindakshan,S (1926) Dulles USA 2024 1-0 (60)}) 13. Nc4 Nxb5 14. axb5 b6 15. f4 $146 ({RR} 15. Re1 Qc7 16. f4 Rad8 17. h4 Kh8 18. Be3 exf4 19. Bxf4 f6 20. Qe2 g5 21. hxg5 fxg5 22. Bd2 Bd7 23. Qh5 Kg8 24. Na3 Qc8 25. Qe2 Bg4 26. Qe3 d5 27. e5 Nf5 {0-1 (27) Webb,R (2313)-McShane,L (2614) West Bromwich 2005}) 15... exf4 16. Bxf4 d5 17. exd5 Nxd5 18. Bd2 Qc7 19. Re1 Rad8 20. Rxe6 fxe6 21. Qg4 Kh7 22. Qxe6 Rf6 23. Qh3 Qd7 24. Qxd7 Rxd7 25. Re1 Nc7 26. Bc6 Rxd3 27. Re7 Ne6 28. Be4 Rd8 29. h4 Kg8 30. Be3 Nf8 31. Kg2 Re6 32. Rxe6 Nxe6 33. Nxb6 Rb8 34. Nc4 Kh8 35. b6 Bf8 36. Bd5 Nd8 37. Bf4 Rc8 1-0